Metal Forming : (Record no. 11667)
[ view plain ]
| 000 -LEADER | |
|---|---|
| fixed length control field | 01603cam a2200349 a 4500 |
| 001 - CONTROL NUMBER | |
| control field | 14751951 |
| 005 - DATE AND TIME OF LATEST TRANSACTION | |
| control field | 20080131202208.0 |
| 008 - FIXED-LENGTH DATA ELEMENTS--GENERAL INFORMATION | |
| fixed length control field | 070228s2007 nyua b 001 0 eng |
| 010 ## - LIBRARY OF CONGRESS CONTROL NUMBER | |
| LC control number | 2007008558 |
| 020 ## - INTERNATIONAL STANDARD BOOK NUMBER | |
| International Standard Book Number | 9780521881210 (hardback) |
| 020 ## - INTERNATIONAL STANDARD BOOK NUMBER | |
| International Standard Book Number | 0521881218 (hardback) |
| 035 ## - SYSTEM CONTROL NUMBER | |
| System control number | (OCoLC)ocm85692899 |
| 035 ## - SYSTEM CONTROL NUMBER | |
| System control number | (OCoLC)85692899 |
| 040 ## - CATALOGING SOURCE | |
| Original cataloging agency | DLC |
| Transcribing agency | DLC |
| Modifying agency | YDX |
| -- | BAKER |
| -- | BTCTA |
| -- | YDXCP |
| -- | DLC |
| 050 00 - LIBRARY OF CONGRESS CALL NUMBER | |
| Classification number | TS213 |
| Item number | .H66 2007 |
| 082 00 - DEWEY DECIMAL CLASSIFICATION NUMBER | |
| Classification number | 671.3 |
| Edition number | 22 |
| Item number | HOS |
| 100 1# - MAIN ENTRY--PERSONAL NAME | |
| Personal name | Hosford, William F. |
| 9 (RLIN) | 5523 |
| 245 10 - TITLE STATEMENT | |
| Title | Metal Forming : |
| Remainder of title | Mechanics and Metallurgy / |
| Statement of responsibility, etc | William F. Hosford, Robert M. Caddell. |
| 250 ## - EDITION STATEMENT | |
| Edition statement | 3rd ed. |
| 260 ## - PUBLICATION, DISTRIBUTION, ETC. (IMPRINT) | |
| Place of publication, distribution, etc | New York, NY : |
| Name of publisher, distributor, etc | Cambridge University Press, |
| Date of publication, distribution, etc | c2007. |
| 300 ## - PHYSICAL DESCRIPTION | |
| Extent | xiii, 312 p. : |
| Other physical details | ill. ; |
| Dimensions | 27 cm. |
| 504 ## - BIBLIOGRAPHY, ETC. NOTE | |
| Bibliography, etc | Includes bibliographical references and index. |
| 650 #0 - SUBJECT ADDED ENTRY--TOPICAL TERM | |
| Topical term or geographic name as entry element | Metal-work. |
| 9 (RLIN) | 5524 |
| 650 #0 - SUBJECT ADDED ENTRY--TOPICAL TERM | |
| Topical term or geographic name as entry element | Deformations (Mechanics) |
| 9 (RLIN) | 5525 |
| 700 1# - ADDED ENTRY--PERSONAL NAME | |
| Personal name | Caddell, Robert M. |
| 9 (RLIN) | 5526 |
| 856 41 - ELECTRONIC LOCATION AND ACCESS | |
| Materials specified | Table of contents only |
| Uniform Resource Identifier | <a href="http://www.loc.gov/catdir/toc/ecip0712/2007008558.html">http://www.loc.gov/catdir/toc/ecip0712/2007008558.html</a> |
| 856 42 - ELECTRONIC LOCATION AND ACCESS | |
| Materials specified | Contributor biographical information |
| Uniform Resource Identifier | <a href="http://www.loc.gov/catdir/enhancements/fy0743/2007008558-b.html">http://www.loc.gov/catdir/enhancements/fy0743/2007008558-b.html</a> |
| 856 42 - ELECTRONIC LOCATION AND ACCESS | |
| Materials specified | Publisher description |
| Uniform Resource Identifier | <a href="http://www.loc.gov/catdir/enhancements/fy0743/2007008558-d.html">http://www.loc.gov/catdir/enhancements/fy0743/2007008558-d.html</a> |
| 942 ## - ADDED ENTRY ELEMENTS (KOHA) | |
| Source of classification or shelving scheme | Dewey Decimal Classification |
| Item type | Book - Borrowing |
| Withdrawn status | Item status | Source of classification or shelving scheme | Damaged status | Not for loan | Vendor | Home library | Current library | Shelving location | Date acquired | Source of acquisition | Cost, normal purchase price | Serial Enumeration / chronology | Total Checkouts | Total Renewals | Full call number | Barcode | Date last seen | Date last borrowed | Koha item type |
|---|---|---|---|---|---|---|---|---|---|---|---|---|---|---|---|---|---|---|---|
| Dewey Decimal Classification | Alahram | Central Library | Central Library | First floor | 28/05/2009 | 491.00 | 358 | 1 | 1 | 671.3 HOS | 000016535 | 15/07/2025 | 12/04/2010 | Book - Borrowing |